| 000 | 01297cam a2200229 4500 | ||
|---|---|---|---|
| 001 | J128922 | ||
| 008 | 040602n2004 000 0 eng u | ||
| 035 | _a(Sirsi) u128922 | ||
| 041 | _aeng | ||
| 050 |
_a346.4104343 _c18 |
||
| 110 |
_aUnited Kingdom _bOffice of the Deputy Prime Minister |
||
| 245 |
_aCommercial property leases _boptions for deterring or outlawing the use of upward only rent review clauses _bConsultation paper issued by the Office of the Deputy Prime Minister and the Welsh Assembly Government |
||
| 260 |
_aLondon _bODPM _c2004 |
||
| 520 | _aODPM consultation paper on upward only rent reviews (UORR) seting out six options: 1) do nothing; 2) ban upward-only rent clauses; 3) ban UORRs subject to a floor of the initial rent; 4) give tenants a right to break if the UORR produced a rent above open market levels; 5) limit lease length; 6) require landords to give prospective tenant priced options. View at www.dclg.gov.uk | ||
| 590 | _aKA | ||
| 650 | _aUPWARD ONLY RENT REVIEWS | ||
| 650 | _aCODE FOR LEASING BUSINESS PREMISES IN ENGLAND AND WALES | ||
| 690 | _aLANDLORD AND TENANT-BUSINESS TENANCIES | ||
| 710 |
_aNAFW _93812 |
||
| 856 |
_uhttps://www.communities.gov.uk/index.asp?id=1128747#P124_29857 _zView the consultation on the DCLG website... |
||
| 942 | _n0 | ||
| 999 |
_c104040 _d104040 |
||